Statistics for 1901-富士山麓電気鉄道の駅

Click here to take the quiz!

General Stats

  • This quiz has been taken 81 times
  • The average score is 15 of 19

Answer Stats

本線% Correct
大月
100%
富士山
100%
富士山
100%
河口湖
98%
富士急ハイランド
95%
都留市
92%
都留文科大学前
92%
上大月
85%
下吉田
80%
禾生
80%
三つ峠
73%
寿
72%
月江寺
72%
赤坂
65%
葭池温泉前
65%
谷村町
63%
田野倉
63%
東桂
63%
十日市場
57%

Score Distribution

Percentile by Number Answered

Percent of People with Each Score

Your Score History

You have not taken this quiz